[Event "CZE-chT2F 1112"]
[Site "Czech Republic"]
[Date "2012.04.22"]
[Round "11.18"]
[White "Travnicek, Peter Jr"]
[Black "Kana, Zdenek"]
[Result "1-0"]
[WhiteElo "2165"]
[BlackElo "1797"]
[PlyCount "112"]
[EventDate "2011.10.09"]
[EventType "team-tourn"]
[EventRounds "11"]
[EventCountry "CZE"]
[SourceTitle "EXT 2013"]
[Source "ChessBase"]
[SourceDate "2012.11.22"]
[SourceVersion "1"]
[SourceVersionDate "2012.11.22"]
[SourceQuality "1"]
[WhiteTeam "Olomouc"]
[BlackTeam "Koprivnice Tatra"]
[WhiteTeamCountry "CZE"]
[BlackTeamCountry "CZE"]

1. e4 Nf6 2. e5 Nd5 3. Bc4 Nb6 4. Bb3 c5 5. d3 Nc6 6. Nf3 e6 7. Nc3 d6 8. exd6 Bxd6 9. Ne4 Na5 10. Be3 Qc7 11. Qd2 Nxb3 12. axb3 Nd5 13. 0-0 b6 14. d4 Nxe3 15. Nxd6+ Qxd6 16. Qxe3 Bb7 17. dxc5 Qxc5 18. Qxc5 bxc5 19. Ra5 Bxf3 20. gxf3 Ke7 21. Rxc5 Rhc8 22. Rxc8 Rxc8 23. c4 Rb8 24. Ra1 Rxb3 25. Rxa7+ Kf6 26. Ra2 Ke5 27. Kg2 Rb7 28. c5 Kd5 29. b4 Rxb4 30. Ra7 Kxc5 31. Rxf7 Rh4 32. Rxg7 Kd5 33. Kg3 Rh6 34. h4 Ke5 35. Rf7 Rg6+ 36. Kh3 Rf6 37. Rxf6 Kxf6 38. Kg4 Kg6 39. h5+ Kf6 40. f4 h6 41. f3 Kg7 42. Kg3 Kf6 43. Kf2 Kf5 44. Ke3 e5 45. fxe5 Kxe5 46. f4+ Kf5 47. Kf3 Kf6 48. Ke4 Ke6 49. f5+ Kf6 50. Kf4 Kf7 51. Ke5 Ke7 52. f6+ Kf8 53. Kf4 Kf7 54. Kf5 Kf8 55. Kg6 Kg8 56. Kxh6 Kf7 1-0

[Event "CZE-chT2F 1112"]
[Site "Czech Republic"]
[Date "2012.03.25"]
[Round "10.37"]
[White "Travnicek, Peter Jr"]
[Black "Muzik, Martin"]
[Result "1/2-1/2"]
[WhiteElo "2165"]
[BlackElo "2132"]
[PlyCount "29"]
[EventDate "2011.10.09"]
[EventType "team-tourn"]
[EventRounds "11"]
[EventCountry "CZE"]
[SourceTitle "EXT 2013"]
[Source "ChessBase"]
[SourceDate "2012.11.22"]
[SourceVersion "1"]
[SourceVersionDate "2012.11.22"]
[SourceQuality "1"]
[WhiteTeam "Olomouc"]
[BlackTeam "Opava KVS"]
[WhiteTeamCountry "CZE"]
[BlackTeamCountry "CZE"]

1. d4 d5 2. Nf3 Nf6 3. Bf4 c5 4. c3 cxd4 5. cxd4 Nc6 6. Nc3 e6 7. e3 Bd6 8. Bxd6 Qxd6 9. Bd3 a6 10. Rc1 b5 11. 0-0 0-0 12. Qd2 Bb7 13. Rfd1 Rfe8 14. Bb1 Rad8 15. a3 1/2-1/2

[Event "CZE-chT2F 1112"]
[Site "Czech Republic"]
[Date "2011.10.09"]
[Round "1.8"]
[White "Kaminsky, Rudolf"]
[Black "Travnicek, Peter Jr"]
[Result "0-1"]
[WhiteElo "2125"]
[BlackElo "2165"]
[PlyCount "22"]
[EventDate "2011.10.09"]
[EventType "team-tourn"]
[EventRounds "11"]
[EventCountry "CZE"]
[SourceTitle "EXT 2013"]
[Source "ChessBase"]
[SourceDate "2012.11.22"]
[SourceVersion "1"]
[SourceVersionDate "2012.11.22"]
[SourceQuality "1"]
[WhiteTeam "Havirov Slovan"]
[BlackTeam "Olomouc"]
[WhiteTeamCountry "CZE"]
[BlackTeamCountry "CZE"]

1. d4 Nf6 2. Nf3 e6 3. Bg5 Be7 4. Nbd2 d5 5. e3 b6 6. Ne5 0-0 7. c3 Bb7 8. Bd3 Nbd7 9. f4 Ne4 10. Bxe7 Qxe7 11. Bxe4 dxe4 0-1

[Event "Stare Mesto op"]
[Site "Stare Mesto"]
[Date "2010.08.20"]
[Round "9"]
[White "Travnicek, Peter Jr"]
[Black "Vlasak, Lukas"]
[Result "1-0"]
[WhiteElo "2166"]
[BlackElo "2260"]
[PlyCount "57"]
[EventDate "2010.08.13"]
[EventType "swiss"]
[EventRounds "10"]
[EventCountry "CZE"]
[SourceTitle "CBM 138 Extra"]
[Source "ChessBase"]
[SourceDate "2010.10.29"]
[SourceVersion "1"]
[SourceVersionDate "2010.10.29"]
[SourceQuality "1"]

1. d4 Nf6 2. c4 e6 3. Nc3 Bb4 4. Bg5 h6 5. Bh4 b6 6. e3 Bb7 7. Nf3 g5 8. Bg3 Ne4 9. Qc2 Bxc3+ 10. bxc3 d6 11. Nd2 Nxd2 12. Qxd2 Nd7 13. f3 f5 14. Bd3 Qf6 15. 0-0-0 0-0-0 16. e4 f4 17. Bf2 c5 18. Qb2 Nb8 19. Rhe1 Nc6 20. Kc2 h5 21. e5 dxe5 22. dxc5 bxc5 23. Rb1 Qg7 24. Be4 Qc7 25. Qa3 Rd7 26. Rxb7 Kxb7 27. Rb1+ Ka8 28. Qa6 Rc8 29. Bxc5 1-0

[Event "Stare Mesto op"]
[Site "Stare Mesto"]
[Date "2010.08.18"]
[Round "7"]
[White "Travnicek, Peter Jr"]
[Black "Stehlik, Jiri"]
[Result "1-0"]
[WhiteElo "2166"]
[BlackElo "1984"]
[PlyCount "45"]
[EventDate "2010.08.13"]
[EventType "swiss"]
[EventRounds "10"]
[EventCountry "CZE"]
[SourceTitle "CBM 138 Extra"]
[Source "ChessBase"]
[SourceDate "2010.10.29"]
[SourceVersion "1"]
[SourceVersionDate "2010.10.29"]
[SourceQuality "1"]

1. d4 d5 2. c4 dxc4 3. Nf3 Nf6 4. Nc3 Bf5 5. Bg5 Nd5 6. e3 h6 7. Bh4 g5 8. Bg3 e6 9. Bxc4 c6 10. Qe2 Bb4 11. 0-0 Qe7 12. e4 Bxc3 13. exf5 Bb4 14. a3 Bd6 15. Rfe1 Nb6 16. fxe6 f6 17. Bd3 Bxg3 18. hxg3 a5 19. d5 Nxd5 20. Nd4 Rg8 21. Nf5 Qc7 22. Qh5+ Kd8 23. e7+ 1-0

[Event "Stare Mesto op"]
[Site "Stare Mesto"]
[Date "2010.08.15"]
[Round "3"]
[White "Travnicek, Peter Jr"]
[Black "Jurcik, Martin"]
[Result "1/2-1/2"]
[WhiteElo "2166"]
[BlackElo "2382"]
[PlyCount "67"]
[EventDate "2010.08.13"]
[EventType "swiss"]
[EventRounds "10"]
[EventCountry "CZE"]
[SourceTitle "CBM 138 Extra"]
[Source "ChessBase"]
[SourceDate "2010.10.29"]
[SourceVersion "1"]
[SourceVersionDate "2010.10.29"]
[SourceQuality "1"]

1. d4 Nf6 2. c4 e6 3. Nc3 Bb4 4. Bg5 h6 5. Bh4 b6 6. e3 Bb7 7. Nf3 g5 8. Bg3 Ne4 9. Qc2 f5 10. Bd3 Nxg3 11. hxg3 Qf6 12. 0-0-0 Bxc3 13. bxc3 Nc6 14. g4 fxg4 15. Bg6+ Kf8 16. Ne5 Nxe5 17. dxe5 Qe7 18. Be4 Bxe4 19. Qxe4 Kg7 20. Qxg4 Rad8 21. f4 Qa3+ 22. Kb1 Qxc3 23. fxg5 Qb4+ 24. Kc2 h5 25. Rxh5 Rxh5 26. Qxh5 Qxc4+ 27. Kb2 Qb4+ 28. Kc2 Qc4+ 29. Kb2 Qb5+ 30. Kc2 Qc5+ 31. Kb1 Qb5+ 32. Kc2 Qc5+ 33. Kb1 Qb5+ 34. Kc2 1/2-1/2

[Event "Olomouc Seniors op"]
[Site "Olomouc"]
[Date "2010.08.10"]
[Round "7"]
[White "Rembowski, Krzysztof"]
[Black "Travnicek, Peter Jr"]
[Result "0-1"]
[WhiteElo "1875"]
[BlackElo "2166"]
[PlyCount "70"]
[EventDate "2010.08.04"]
[EventType "swiss"]
[EventRounds "9"]
[EventCountry "CZE"]
[SourceTitle "CBM 137 Extra"]
[Source "ChessBase"]
[SourceDate "2010.09.01"]
[SourceVersion "1"]
[SourceVersionDate "2010.09.01"]
[SourceQuality "1"]

1. e4 c5 2. Nf3 d6 3. d4 cxd4 4. Nxd4 Nf6 5. Nc3 e5 6. Nb3 a6 7. Be2 Be7 8. Be3 Be6 9. Bf3 Nbd7 10. 0-0 0-0 11. Bg5 h6 12. Bxf6 Nxf6 13. Qe2 Rc8 14. Nd5 Bxd5 15. exd5 Qc7 16. c3 Nd7 17. g3 f5 18. Rad1 Nb6 19. Bg2 Qc4 20. Rfe1 Qxe2 21. Rxe2 Bf6 22. f3 Rc7 23. Bh3 Bg5 24. Bf1 Nc4 25. h4 Be3+ 26. Kh2 Ba7 27. Bg2 g5 28. h5 g4 29. Nc1 gxf3 30. Bxf3 e4 31. Bg2 Rg7 32. Bh3 Rg5 33. g4 Ne3 34. Rxe3 Bxe3 35. gxf5 Rxh5 0-1

[Event "CZE-chT2e 0607"]
[Site "Czech Republic"]
[Date "2007.03.03"]
[Round "9.7"]
[White "Travnicek, Peter Jr"]
[Black "Ruzicka, Milan"]
[Result "1/2-1/2"]
[WhiteElo "2194"]
[BlackElo "2059"]
[PlyCount "40"]
[EventDate "2006.10.15"]
[EventType "team-tourn"]
[EventRounds "11"]
[EventCountry "CZE"]
[SourceTitle "EXT 2009"]
[Source "ChessBase"]
[SourceDate "2008.11.26"]
[SourceVersion "1"]
[SourceVersionDate "2008.11.26"]
[SourceQuality "1"]

1. d4 d5 2. Nf3 Nf6 3. Bf4 Bf5 4. c3 c6 5. e3 e6 6. Qb3 Qb6 7. Nbd2 Nbd7 8. Nh4 Be4 9. f3 Qxb3 10. axb3 Bc2 11. Rc1 Bg6 12. Nxg6 hxg6 13. h3 Nh5 14. Bh2 Be7 15. Bd3 Bh4+ 16. Kd1 Bg3 17. Bxg3 Nxg3 18. Re1 0-0 19. Nf1 Nxf1 20. Rxf1 Rfc8 1/2-1/2

[Event "MOR-chT2M 0203"]
[Site "Moravia"]
[Date "2003.03.30"]
[Round "11"]
[White "Hastik, Svatopluk"]
[Black "Travnicek, Peter Jr"]
[Result "1-0"]
[WhiteElo "2136"]
[BlackElo "2112"]
[PlyCount "99"]
[EventDate "2002.10.??"]
[EventType "team-tourn"]
[EventRounds "11"]
[EventCountry "CZE"]
[SourceTitle "EXT 2006"]
[Source "ChessBase"]
[SourceDate "2005.11.24"]
[SourceVersion "1"]
[SourceVersionDate "2005.11.24"]
[SourceQuality "1"]

1. d4 Nf6 2. Nf3 g6 3. Bf4 Bg7 4. e3 0-0 5. Bd3 d6 6. 0-0 Nbd7 7. Nbd2 Re8 8. c3 e5 9. Bg5 h6 10. Bxf6 Nxf6 11. Qc2 c6 12. Rad1 Qc7 13. h3 Bd7 14. Rfe1 Rad8 15. a4 c5 16. dxe5 dxe5 17. e4 Bxa4 18. Qxa4 Rxd3 19. Nc4 Qd7 20. Qxd7 Rxd7 21. Rxd7 Nxd7 22. Ra1 a6 23. Rd1 Re7 24. Rd6 Nf8 25. Rb6 Ne6 26. Ncxe5 Bxe5 27. Nxe5 Ng5 28. Ng4 Nxe4 29. Nxh6+ Kg7 30. Ng4 Nd2 31. Ne3 Kf8 32. g4 Ke8 33. Kg2 Kd8 34. h4 Kc8 35. h5 gxh5 36. gxh5 Re5 37. h6 Rh5 38. f3 Kb8 39. Rd6 Nb3 40. Rf6 Na5 41. Ng4 Nc4 42. Rxf7 Ka7 43. h7 Nd6 44. Rf6 Rxh7 45. Rxd6 a5 46. f4 b5 47. f5 b4 48. cxb4 cxb4 49. f6 a4 50. Ne5 1-0

[Event "MOR-chT2M 0203"]
[Site "Moravia"]
[Date "2003.03.02"]
[Round "9"]
[White "Cagasik, Tomas"]
[Black "Travnicek, Peter Jr"]
[Result "1-0"]
[WhiteElo "2231"]
[BlackElo "2112"]
[PlyCount "101"]
[EventDate "2002.10.??"]
[EventType "team-tourn"]
[EventRounds "11"]
[EventCountry "CZE"]
[SourceTitle "EXT 2006"]
[Source "ChessBase"]
[SourceDate "2005.11.24"]
[SourceVersion "1"]
[SourceVersionDate "2005.11.24"]
[SourceQuality "1"]

1. e4 c5 2. Nf3 Nc6 3. d4 cxd4 4. Nxd4 Nf6 5. Nc3 e5 6. Ndb5 d6 7. Nd5 Nxd5 8. exd5 Nb8 9. c4 Be7 10. Bd3 0-0 11. 0-0 a6 12. Nc3 f5 13. f3 Bg5 14. Bxg5 Qxg5 15. Qc1 Qxc1 16. Rfxc1 Bd7 17. b4 a5 18. b5 Be8 19. Na4 Nd7 20. c5 dxc5 21. Nxc5 Nxc5 22. Rxc5 Rf6 23. Re1 Bf7 24. Rxe5 g6 25. Rc7 b6 26. Bc4 Rd8 27. Kf2 Rfd6 28. Rc6 f4 29. h4 Kg7 30. Re4 R6d7 31. Rxb6 Bxd5 32. Bxd5 Rxd5 33. Rb7+ Kg8 34. Rxf4 Rd2+ 35. Kg3 Rxa2 36. Rc4 a4 37. Rcc7 h5 38. Rg7+ Kh8 39. Rh7+ Kg8 40. Rbg7+ Kf8 41. Rxg6 Rdd2 42. Kh3 a3 43. Ra6 Kg8 44. Rc7 Rd8 45. b6 Rb2 46. b7 a2 47. Rc8 Rf8 48. Raa8 a1Q 49. Rxf8+ Kg7 50. Rxa1 Kxf8 51. Ra8+ 1-0

[Event "MOR-chT2M 0203"]
[Site "Moravia"]
[Date "2003.01.12"]
[Round "6"]
[White "Formanek, Martin"]
[Black "Travnicek, Peter Jr"]
[Result "1-0"]
[WhiteElo "2078"]
[BlackElo "2112"]
[PlyCount "67"]
[EventDate "2002.10.??"]
[EventType "team-tourn"]
[EventRounds "11"]
[EventCountry "CZE"]
[SourceTitle "EXT 2006"]
[Source "ChessBase"]
[SourceDate "2005.11.24"]
[SourceVersion "1"]
[SourceVersionDate "2005.11.24"]
[SourceQuality "1"]

1. e4 c5 2. Nf3 Nc6 3. Bb5 g6 4. 0-0 Bg7 5. Re1 Nf6 6. c3 0-0 7. d4 cxd4 8. cxd4 d5 9. e5 Ne4 10. Nc3 Bf5 11. Nh4 Bd7 12. Ba4 Nxc3 13. bxc3 Qa5 14. Bd2 Nxe5 15. Bxd7 Nxd7 16. Rxe7 Qd8 17. Bg5 h6 18. Qg4 Nb6 19. Bxh6 Qxe7 20. Bxg7 Rfe8 21. Be5 Qe6 22. Qg5 Nd7 23. f4 Nxe5 24. fxe5 Qb6 25. Rf1 Re6 26. Nf5 Qd8 27. Nh6+ Kf8 28. Rxf7+ Ke8 29. Qf4 Qb6 30. Rf8+ Kd7 31. Qf7+ Re7 32. Qxd5+ Kc7 33. Qc4+ Kd7 34. Rxa8 1-0

[Event "MOR-chT2M 0203"]
[Site "Moravia"]
[Date "2002.11.17"]
[Round "3"]
[White "Travnicek, Peter Jr"]
[Black "Vrana, Frantisek"]
[Result "0-1"]
[WhiteElo "2112"]
[BlackElo "2359"]
[PlyCount "98"]
[EventDate "2002.10.??"]
[EventType "team-tourn"]
[EventRounds "11"]
[EventCountry "CZE"]
[SourceTitle "EXT 2006"]
[Source "ChessBase"]
[SourceDate "2005.11.24"]
[SourceVersion "1"]
[SourceVersionDate "2005.11.24"]
[SourceQuality "1"]

1. d4 f5 2. Nc3 d5 3. Bf4 e6 4. e3 Nf6 5. Nf3 Bd6 6. Bd3 0-0 7. Ne2 Nbd7 8. 0-0 Ne4 9. c4 Qe7 10. Qb3 Bxf4 11. exf4 c6 12. c5 b6 13. cxb6 axb6 14. Rfd1 c5 15. Qc2 Nd6 16. Qd2 Bb7 17. Nc3 Ne4 18. Qe3 Bc6 19. Bxe4 fxe4 20. Ne5 Nxe5 21. fxe5 Rf5 22. Rac1 Raf8 23. Rd2 Be8 24. Nd1 cxd4 25. Qxd4 b5 26. b4 Qg5 27. Rc7 Rxe5 28. Ne3 h5 29. Rdc2 Qf6 30. h4 g5 31. hxg5 Rxg5 32. Qxf6 Rxf6 33. Rc8 Rf8 34. R2c5 Rg7 35. Nc2 Ra7 36. Nd4 Bd7 37. R8c7 Rfa8 38. Rxa7 Rxa7 39. Nxb5 Bxb5 40. Rxb5 Rxa2 41. Rb7 d4 42. Kf1 d3 43. Ke1 Re2+ 44. Kf1 Rb2 45. Ke1 h4 46. b5 e3 47. fxe3 Rxg2 48. Rd7 h3 49. Kf1 Rg5 0-1

[Event "MOR-chT2M 0203"]
[Site "Moravia"]
[Date "2002.10.13"]
[Round "1"]
[White "Stradej, Vlastimil"]
[Black "Travnicek, Peter Jr"]
[Result "1-0"]
[WhiteElo "2196"]
[BlackElo "2112"]
[PlyCount "67"]
[EventDate "2002.10.??"]
[EventType "team-tourn"]
[EventRounds "11"]
[EventCountry "CZE"]
[SourceTitle "EXT 2006"]
[Source "ChessBase"]
[SourceDate "2005.11.24"]
[SourceVersion "1"]
[SourceVersionDate "2005.11.24"]
[SourceQuality "1"]

1. c4 Nf6 2. Nc3 g6 3. d4 Bg7 4. e4 d6 5. Be2 0-0 6. Bg5 c5 7. d5 Nbd7 8. Qd2 Re8 9. h3 a6 10. a4 Rb8 11. Nf3 Nf8 12. 0-0 Qc7 13. Rfe1 b6 14. Bf4 Bb7 15. Bh6 Bh8 16. Ng5 e5 17. Rf1 N8d7 18. g4 Re7 19. h4 Bc8 20. Nh3 Nf8 21. f3 Ne8 22. Kh2 Bg7 23. Rg1 f6 24. Be3 Kh8 25. Raf1 Rb7 26. f4 Rf7 27. f5 Qd8 28. g5 gxf5 29. exf5 fxg5 30. Bxg5 Bf6 31. Bh5 Bxg5 32. Qxg5 Qxg5 33. Nxg5 Nf6 34. Nxf7+ 1-0

[Event "Rail 4 countries 19th"]
[Site "Eindhoven"]
[Date "2002.06.08"]
[Round "2.5"]
[White "Gisler, Maurice"]
[Black "Travnicek, Peter Jr"]
[Result "1/2-1/2"]
[WhiteElo "1942"]
[BlackElo "2161"]
[PlyCount "64"]
[EventDate "2002.06.07"]
[EventType "team-tourn"]
[EventRounds "3"]
[EventCountry "NED"]
[SourceTitle "EXT 2004"]
[Source "ChessBase"]
[SourceDate "2003.11.25"]
[SourceVersion "1"]
[SourceVersionDate "2003.11.25"]
[SourceQuality "1"]

1. f4 d5 2. g3 Nf6 3. Nf3 Bf5 4. Bg2 e6 5. 0-0 Be7 6. d3 h6 7. e3 Nbd7 8. Nc3 c6 9. Ne2 Qb6 10. h3 0-0-0 11. Bd2 Rdg8 12. Ned4 Bh7 13. Ne5 Rf8 14. Qe2 Nxe5 15. fxe5 Nd7 16. Nf3 Qc7 17. e4 dxe4 18. dxe4 g5 19. Bc3 h5 20. Ne1 Bc5+ 21. Kh1 g4 22. h4 Nxe5 23. Rd1 Bb6 24. Nd3 Nc4 25. Rf4 e5 26. Rf6 Qe7 27. Rdf1 Ne3 28. R1f2 Nxg2 29. Kxg2 Bxf2 30. Rxf2 Qe6 31. Nc5 Qe8 32. Rf6 Rhg8 1/2-1/2

[Event "Rail 4 countries 19th"]
[Site "Eindhoven"]
[Date "2002.06.07"]
[Round "1.5"]
[White "Kuip, Jan"]
[Black "Travnicek, Peter Jr"]
[Result "0-1"]
[WhiteElo "1799"]
[BlackElo "2161"]
[PlyCount "70"]
[EventDate "2002.06.07"]
[EventType "team-tourn"]
[EventRounds "3"]
[EventCountry "NED"]
[SourceTitle "EXT 2004"]
[Source "ChessBase"]
[SourceDate "2003.11.25"]
[SourceVersion "1"]
[SourceVersionDate "2003.11.25"]
[SourceQuality "1"]

1. e4 c5 2. d4 cxd4 3. Nf3 e5 4. c3 dxc3 5. Nxc3 d6 6. Bc4 Be7 7. Qb3 Be6 8. Bxe6 fxe6 9. Qxe6 Qd7 10. Qxd7+ Nxd7 11. Nd5 Rc8 12. Bg5 Nc5 13. Nxe7 Nxe7 14. 0-0 Nxe4 15. Rac1 Nxg5 16. Nxg5 0-0 17. Ne4 Nf5 18. Rfd1 d5 19. Ng5 Nd4 20. Kf1 h6 21. Nh3 Rc6 22. Rxc6 bxc6 23. Rc1 Rb8 24. b3 Rb6 25. f4 e4 26. Rd1 c5 27. Ng1 Ra6 28. Rd2 Nf5 29. Re2 d4 30. h3 e3 31. Rc2 d3 32. Rc3 Ng3+ 33. Ke1 Rf6 34. Rxc5 d2+ 35. Kd1 e2+ 0-1

[Event "Rail 4 countries 18th"]
[Site "Hergiswil"]
[Date "2001.06.10"]
[Round "3.4"]
[White "Travnicek, Peter Jr"]
[Black "Ilgner, Andreas"]
[Result "1-0"]
[WhiteElo "2175"]
[BlackElo "2131"]
[PlyCount "107"]
[EventDate "2001.06.08"]
[EventType "team-tourn"]
[EventRounds "3"]
[EventCountry "SUI"]
[SourceTitle "EXT 2004"]
[Source "ChessBase"]
[SourceDate "2003.11.25"]
[SourceVersion "1"]
[SourceVersionDate "2003.11.25"]
[SourceQuality "1"]

1. d4 d5 2. Nf3 c6 3. Bf4 Qb6 4. Qc1 Nf6 5. h3 Bf5 6. e3 Nbd7 7. Nbd2 h6 8. a4 a5 9. Be2 e6 10. 0-0 Be7 11. c3 0-0 12. Re1 Rac8 13. Ne5 Nxe5 14. Bxe5 Ne4 15. Bd3 Nxd2 16. Qxd2 Bxd3 17. Qxd3 f6 18. Bf4 f5 19. Be5 c5 20. dxc5 Bxc5 21. Qb5 Qxb5 22. axb5 Ra8 23. Ra4 Bb6 24. Rea1 Rac8 25. Rc1 Rfd8 26. Bd4 Bxd4 27. exd4 b6 28. Re1 Kf7 29. Re3 Rc4 30. Ra1 Rc7 31. Kf1 Kf6 32. f4 g5 33. fxg5+ hxg5 34. Ke2 Re8 35. Re5 Rg8 36. g4 f4 37. h4 gxh4 38. Kf3 Rcg7 39. Rg1 Rg5 40. Kxf4 R8g7 41. Rxg5 Rxg5 42. Rh1 e5+ 43. dxe5+ Rxe5 44. Rxh4 Re2 45. Rh6+ Kg7 46. Rxb6 Rxb2 47. Ke5 Rb3 48. Kxd5 Rxc3 49. Ra6 Rg3 50. b6 Rxg4 51. b7 Rg5+ 52. Kc6 Rg6+ 53. Kb5 Rg4 54. Rb6 1-0

[Event "Rail 4 countries 18th"]
[Site "Hergiswil"]
[Date "2001.06.09"]
[Round "2.4"]
[White "Suijdendorp, Frans"]
[Black "Travnicek, Peter Jr"]
[Result "0-1"]
[WhiteElo "1905"]
[BlackElo "2175"]
[PlyCount "52"]
[EventDate "2001.06.08"]
[EventType "team-tourn"]
[EventRounds "3"]
[EventCountry "SUI"]
[SourceTitle "EXT 2004"]
[Source "ChessBase"]
[SourceDate "2003.11.25"]
[SourceVersion "1"]
[SourceVersionDate "2003.11.25"]
[SourceQuality "1"]

1. d4 Nf6 2. c4 e6 3. Nc3 Bb4 4. Qc2 d5 5. e3 0-0 6. Nf3 b6 7. Bd3 Bb7 8. Bd2 Nbd7 9. cxd5 exd5 10. 0-0 c5 11. a3 Bxc3 12. bxc3 c4 13. Bf5 Re8 14. a4 Bc6 15. Rfb1 g6 16. Bh3 Ne4 17. Be1 Qf6 18. Rb2 h5 19. a5 b5 20. Bxd7 Bxd7 21. Ne5 Bf5 22. Qc1 a6 23. f3 Nc5 24. Qd1 Nb3 25. Ra3 Qd6 26. Rba2 f6 0-1